PHARMACY LAW AND ETHICS (Record no. 32911)

MARC details
000 -LEADER
fixed length control field 00354nam a22001577a 4500
003 - CONTROL NUMBER IDENTIFIER
control field SGT
020 ## - INTERNATIONAL STANDARD BOOK NUMBER
International Standard Book Number 978-93-7473-748-4
082 ## - DEWEY DECIMAL CLASSIFICATION NUMBER
Classification number 344.04
Item number GUP
100 ## - MAIN ENTRY--PERSONAL NAME
Personal name GUPTA, DR. SEEMA
245 ## - TITLE STATEMENT
Title PHARMACY LAW AND ETHICS
250 ## - EDITION STATEMENT
Edition statement 2ND
260 ## - PUBLICATION, DISTRIBUTION, ETC. (IMPRINT)
Place of publication, distribution, etc INDIA
Name of publisher, distributor, etc AITBS PUB.
Year of Publication 2026
300 ## - PAGE DESCRIPTION
No. of Pages 321
650 ## - SUBJECT ADDED ENTRY--TOPICAL TERM
Topical term or geographic name as entry element PHARMACY LAW AND ETHICS
942 ## - ADDED ENTRY ELEMENTS (KOHA)
Source of classification or shelving scheme Dewey Decimal Classification
Koha item type Books
Holdings
Withdrawn status Lost status Source of classification or shelving scheme Damaged status Not for loan Collection code Home library Current library Shelving location Date acquired Vendor Name Cost, normal purchase price SGTU Bill Number Full call number Accession No. (Barcode) Date last seen Bill Date Koha item type Total Checkouts
    Dewey Decimal Classification   Not For Loan SCIENCE SGT Science & Social Sciences Library SGT Science & Social Sciences Library Reference Book 27/10/2025 ABC 325.00 SGTU 21721 344.04 GUP DP743 27/10/2025 17/09/2025 Books  
    Dewey Decimal Classification     SCIENCE SGT Science & Social Sciences Library SGT Science & Social Sciences Library Text Book 27/10/2025 ABC 325.00 SGTU 21721 344.04 GUP DP744 27/10/2025 17/09/2025 Books  
    Dewey Decimal Classification     SCIENCE SGT Science & Social Sciences Library SGT Science & Social Sciences Library Text Book 27/10/2025 ABC 325.00 SGTU 21721 344.04 GUP DP745 27/10/2025 17/09/2025 Books  
    Dewey Decimal Classification     SCIENCE SGT Science & Social Sciences Library SGT Science & Social Sciences Library Text Book 27/10/2025 ABC 325.00 SGTU 21721 344.04 GUP DP746 27/10/2025 17/09/2025 Books  
    Dewey Decimal Classification     SCIENCE SGT Science & Social Sciences Library SGT Science & Social Sciences Library Text Book 27/10/2025 ABC 325.00 SGTU 21721 344.04 GUP DP747 27/10/2025 17/09/2025 Books  
    Dewey Decimal Classification     SCIENCE SGT Science & Social Sciences Library SGT Science & Social Sciences Library Text Book 27/10/2025 ABC 325.00 SGTU 21721 344.04 GUP DP748 27/10/2025 17/09/2025 Books  
    Dewey Decimal Classification     SCIENCE SGT Science & Social Sciences Library SGT Science & Social Sciences Library Text Book 27/10/2025 ABC 325.00 SGTU 21721 344.04 GUP DP749 27/10/2025 17/09/2025 Books  
    Dewey Decimal Classification     SCIENCE SGT Science & Social Sciences Library SGT Science & Social Sciences Library Text Book 27/10/2025 ABC 325.00 SGTU 21721 344.04 GUP DP750 27/10/2025 17/09/2025 Books